Parc Natural de Sant Llorenç del Munt i l’Obac : benvinguts al parc! benvinguts al parc!
Descripción Física:
1 tríptic ; 21 cm
MARC
| LEADER | 00000nam a2200000Ia 4500 | ||
|---|---|---|---|
| 001 | 24527 | ||
| 008 | 160829s9999 xx 000 0 cat d | ||
| 080 | |a FU-67-22 | ||
| 245 | |a Parc Natural de Sant Llorenç del Munt i l’Obac : |b benvinguts al parc! | ||
| 260 | |a [Barcelona] : |b Diputació de Barcelona. Serveis de Parcs Naturals, DL 2001 | ||
| 300 | |a 1 tríptic ; |c 21 cm | ||
| 590 | |a Inclou el programa de mà i una butlleta d'inscripció | ||
| 610 | 1 | 0 | |a Parc Natural de Sant Llorenç del Munt i l'Obac (Catalunya) |v Guies |9 52718 |
| 710 | |a Barcelona (Catalunya : Província). |b Servei de Parcs Naturals |9 53492 | ||
| 901 | |a Arxiu | ||
| 942 | |n 1 | ||
| 952 | |0 0 |1 0 |4 0 |6 FU6722 |7 1 |9 55874 |a Arxiu |b Arxiu |d 2016-12-01 |l 0 |o FU-67-22 |p 24527 |r 2016-12-01 00:00:00 |w 2016-12-01 |y ARXIU | ||
| 999 | |c 59747 |d 59747 | ||